[Event "SV Mülheim-Nord 2 - SV Erkenschwick 1"]
[Site "Oberliga NRW 2012/2013"]
[Date "2012.12.16"]
[Round "4.5"]
[White "Homs, Guust"]
[Black "Bus, Tom"]
[Result "1-0"]
[WhiteElo "2159"]
[BlackElo "2102"]
[Annotator "Doe,John"]
[PlyCount "119"]
[EventDate "2012.??.??"]
[WhiteTeam "SV Erkenschwick 1"]
[BlackTeam "SV Mülheim-Nord 2"]

1. e4 c5 2. c3 d5 3. exd5 Qxd5 4. d4 g6 5. Nf3 Bg7 6. Be2 Nf6 7. c4 Qd6 8. Nc3
cxd4 9. Nb5 Qd8 10. Bf4 Na6 11. Nfxd4 O-O 12. O-O Ne4 13. Be3 Bd7 14. Bf3 Nec5
15. Nc3 Rc8 16. Ndb5 Ra8 17. b4 Ne6 18. Rb1 Bc6 19. Nd5 Bxb5 20. cxb5 Nac7 21.
a4 Ne8 22. a5 Nd6 $11 23. Qd3 Qd7 24. Rfd1 Rfd8 25. Bc5 Bf8 26. b6 a6 27. Qe2
Rab8 28. Bxd6 Qxd6 29. Nf6+ exf6 30. Rxd6 Bxd6 31. Qa2 Rd7 32. g3 Nd4 33. Bd5
Rbd8 34. Bc4 Be5 35. Kg2 Nf5 36. Qb3 Kg7 37. Re1 Nd6 38. b5 Nxc4 39. Qxc4 axb5
40. Qxb5 Rd5 41. Qb4 Rd4 42. Qe7 R4d7 43. Qb4 Rd4 44. Qb3 Rd3 45. Qc4 R3d4 46.
Qe2 Rd2 47. Qf3 R8d7 48. Re2 R2d3 49. Qe4 R3d4 50. Qc2 Rd8 51. Qb1 Rd1 52. Qe4
R8d5 53. Ra2 f5 54. Qc4 R1d3 55. Qc8 f4 56. gxf4 Bxf4 57. Qxb7 Rg5+ 58. Kf1
Rdd5 59. a6 Bxh2 60. Qxd5 1-0

[Event "SV Mülheim-Nord 2 - SV Erkenschwick 1"]
[Site "Oberliga NRW 2012/2013"]
[Date "2012.12.16"]
[Round "4.6"]
[White "Wittenberg, Andreas"]
[Black "Krings, Christoph"]
[Result "1-0"]
[WhiteElo "2107"]
[BlackElo "2121"]
[PlyCount "109"]
[EventDate "2012.??.??"]
[WhiteTeam "SV Mülheim-Nord 2"]
[BlackTeam "SV Erkenschwick 1"]

1. d4 e6 2. Nf3 f5 3. g3 Nf6 4. Bg2 Be7 5. O-O O-O 6. c4 d6 7. b4 c6 8. Qb3 Qe8
9. Bb2 Qh5 10. Nbd2 Nbd7 11. Rfe1 d5 12. a4 Ne4 13. Rad1 Ndf6 14. Ne5 Nxd2 15.
Rxd2 Ng4 16. h3 Nxe5 17. dxe5 f4 18. Rd3 Kh8 19. Kh2 Bd7 20. Rf3 fxg3+ 21. fxg3
Be8 22. cxd5 exd5 23. Rxf8+ Bxf8 24. e4 d4 25. Bxd4 Rd8 26. Rf1 Bg6 27. e6 Qg5
28. Qc3 Kg8 29. Bxa7 Qd2 30. Qc4 Be7 31. Bc5 Re8 32. a5 h6 33. Rf2 Qg5 34. h4
Qe5 35. Bxe7 Rxe7 36. a6 bxa6 37. Qxc6 Rxe6 38. Qa8+ Kh7 39. Rf4 Qd6 40. Rf8
Bh5 41. Rd8 Qxb4 42. Rh8+ Kg6 43. Qd5 Bg4 44. h5+ Kf7 45. Rc8 Qb5 46. Rc5 Qb6
47. Rc2 Qe3 48. Rc7+ Kg8 49. Rc6 Kf7 50. Qd7+ Kf6 51. Rc7 Kg5 52. Qd5+ Kf6 53.
Qd7 Kg5 54. Qxg7+ Kxh5 55. Rd7 1-0

[Event "SV Mülheim-Nord 2 - SV Erkenschwick 1"]
[Site "Oberliga NRW 2012/2013"]
[Date "2012.12.16"]
[Round "4.7"]
[White "Eggenstein, Frank"]
[Black "Krueger, Andre"]
[Result "0-1"]
[WhiteElo "1989"]
[BlackElo "2106"]
[PlyCount "60"]
[EventDate "2012.??.??"]
[WhiteTeam "SV Erkenschwick 1"]
[BlackTeam "SV Mülheim-Nord 2"]

1. e4 c6 2. d4 d5 3. exd5 cxd5 4. c4 Nf6 5. Nc3 g6 6. Nf3 Bg7 7. h3 O-O 8. Bg5
Ne4 9. Be3 Nxc3 10. bxc3 dxc4 11. Bxc4 Qc7 12. Nd2 Nc6 13. Rc1 e5 14. d5 Ne7
15. Bb3 Nf5 16. O-O Nxe3 17. fxe3 Qc5 18. Qe2 f5 19. Kh1 e4 20. c4 Bd7 21. Bd1
Kh8 22. Nb3 Qd6 23. Qf2 Rae8 24. Be2 Be5 25. Rcd1 b6 26. Nd4 Qa3 27. Ra1 f4 28.
exf4 e3 29. Nc2 exf2 30. Nxa3 Bxa1 0-1

[Event "SV Mülheim-Nord 2 - SV Erkenschwick 1"]
[Site "Oberliga NRW 2012/2013"]
[Date "2012.12.16"]
[Round "4.8"]
[White "Ozerov, Ilja"]
[Black "Strozewski, Frank"]
[Result "1-0"]
[WhiteElo "2009"]
[BlackElo "1980"]
[PlyCount "51"]
[EventDate "2012.??.??"]
[WhiteTeam "SV Mülheim-Nord 2"]
[BlackTeam "SV Erkenschwick 1"]

1. e4 d6 2. d4 g6 3. Nc3 Bg7 4. Be3 Nc6 5. h3 e5 6. Nf3 a6 7. Qd2 b5 8. a4 b4
9. Nd5 a5 10. c3 Rb8 11. Bb5 Bd7 12. cxb4 exd4 13. Bxc6 dxe3 14. Bxd7+ Qxd7 15.
Qxe3 c6 16. Nb6 Qa7 17. Nc4 Qxe3+ 18. fxe3 Rxb4 19. Nxd6+ Ke7 20. Rd1 Nh6 21.
e5 Rxb2 22. Nd4 Ra8 23. Nxc6+ Kf8 24. O-O Rc2 25. Nd4 Rc7 26. Ne6+ 1-0

[Event "Düsseldorfer SK 1 - Klub Kölner SF 1"]
[Site "Oberliga NRW 2012/2013"]
[Date "2012.12.16"]
[Round "4.1"]
[White "Morawietz, Dieter"]
[Black "Stark, Lars"]
[Result "1/2-1/2"]
[WhiteElo "2342"]
[BlackElo "2415"]
[Annotator "Doe,John"]
[PlyCount "140"]
[EventDate "2012.??.??"]
[WhiteTeam "Klub Kölner SF 1"]
[BlackTeam "Düsseldorfer SK 1"]

1. e4 e6 2. Qe2 Be7 3. Nf3 d5 4. d3 Nf6 5. g3 b6 6. e5 Nfd7 7. h4 c5 8. Bg2 Nc6
9. c4 dxc4 10. dxc4 Bb7 11. O-O Qc7 12. Bf4 Nd4 13. Nxd4 cxd4 14. Rd1 Bxg2 15.
Kxg2 h6 16. h5 g5 17. hxg6 fxg6 18. Rxd4 O-O-O 19. Qe4 g5 20. Be3 Bc5 21. Nc3
Kb8 22. Nb5 Qb7 23. Qxb7+ Kxb7 24. Re4 a6 25. Nc3 Be7 26. Rd1 h5 27. f4 gxf4
28. Bxf4 Nf8 29. Rxd8 Bxd8 30. Rd4 Bc7 31. Ne4 Ng6 32. Rd7 Rg8 33. Kh3 Kc6 34.
Nf6 Rf8 35. Rh7 Bxe5 36. Nd7 Rf5 37. Nxe5+ Nxe5 38. b3 a5 39. Re7 Kd6 40. Re8
Kd7 41. Rb8 Kc7 42. Rh8 Kd7 43. Rh7+ Kc6 44. Rh6 Kd7 45. Be3 Ng4 46. Rh7+ Kc6
47. Bg1 b5 48. cxb5+ Kxb5 49. Kh4 Nf6 50. Rb7+ Kc6 51. Rb6+ Kd7 52. Bd4 Ne4 53.
Ra6 Rd5 54. Be3 e5 55. Kxh5 Nxg3+ 56. Kg4 Ne4 57. Bb6 Nc3 58. a4 Ne4 59. Ra7+
Ke6 60. Bxa5 Nc5 61. Kg5 Rd3 62. Bb6 $11 Ne4+ 63. Kh4 Rxb3 64. a5 Nd6 65. Kg4
Nf5 66. Ra8 Rg3+ 67. Kh5 Ng7+ 68. Kh4 Nf5+ 69. Kh5 Rh3+ 70. Kg5 Rg3+ 1/2-1/2

[Event "Düsseldorfer SK 1 - Klub Kölner SF 1"]
[Site "Oberliga NRW 2012/2013"]
[Date "2012.12.16"]
[Round "4.2"]
[White "Schuh, Dirk"]
[Black "Eichhorn, Andreas"]
[Result "1-0"]
[WhiteElo "2368"]
[BlackElo "2289"]
[PlyCount "87"]
[EventDate "2012.??.??"]
[WhiteTeam "Düsseldorfer SK 1"]
[BlackTeam "Klub Kölner SF 1"]

1. d4 g6 2. e4 Bg7 3. c3 d6 4. Nf3 Bg4 5. Bc4 e6 6. h3 Bxf3 7. Qxf3 Nd7 8. Nd2
Qf6 9. O-O e5 10. Re1 O-O-O 11. Qxf6 Bxf6 12. Nf3 Rf8 13. Be3 Nb6 14. Bb3 h6
15. dxe5 dxe5 16. Bc5 Be7 17. Bxe7 Nxe7 18. Nxe5 f6 19. Nd3 Nc6 20. e5 Rd8 21.
Rad1 fxe5 22. Nxe5 Rxd1 23. Bxd1 Nxe5 24. Rxe5 Nc4 25. Bg4+ Kd8 26. Re4 Nd6 27.
Re6 g5 28. Kf1 Rh7 29. Be2 Kd7 30. Rg6 a5 31. Bd3 Rh8 32. h4 gxh4 33. Rg4 Rf8
34. Rg6 h5 35. Rh6 h3 36. g3 Nf5 37. Rh7+ Kd6 38. Kg1 h4 39. g4 Ne7 40. Rxh4
Rf4 41. Be2 Re4 42. Kf1 Nd5 43. Bf3 Re6 44. Bxd5 1-0

[Event "Düsseldorfer SK 1 - Klub Kölner SF 1"]
[Site "Oberliga NRW 2012/2013"]
[Date "2012.12.16"]
[Round "4.3"]
[White "Helbig, Mark"]
[Black "de Gleria, Francesco"]
[Result "0-1"]
[WhiteElo "2246"]
[BlackElo "2335"]
[PlyCount "54"]
[EventDate "2012.??.??"]
[WhiteTeam "Klub Kölner SF 1"]
[BlackTeam "Düsseldorfer SK 1"]

1. d4 Nf6 2. Nf3 g6 3. c4 Bg7 4. g3 O-O 5. Bg2 d6 6. Nc3 Nc6 7. d5 Na5 8. Nd2
c5 9. Qc2 Rb8 10. Rb1 e6 11. O-O exd5 12. cxd5 b5 13. b4 cxb4 14. Rxb4 Qc7 15.
Bb2 Bf5 16. e4 Nxd5 17. exf5 Nxb4 18. Qb1 Nc4 19. Nde4 d5 20. Ba1 a5 21. fxg6
hxg6 22. Qxb4 axb4 23. Nxd5 Qa7 24. Nef6+ Kh8 25. Re1 Qxa2 26. Bd4 Qd2 27. Re4
Qd1+ 0-1

[Event "Düsseldorfer SK 1 - Klub Kölner SF 1"]
[Site "Oberliga NRW 2012/2013"]
[Date "2012.12.16"]
[Round "4.5"]
[White "Bonnmann, Reinhard"]
[Black "Balster, Stefan"]
[Result "0-1"]
[WhiteElo "2210"]
[BlackElo "2259"]
[PlyCount "82"]
[EventDate "2012.??.??"]
[WhiteTeam "Klub Kölner SF 1"]
[BlackTeam "Düsseldorfer SK 1"]

1. d4 d5 2. Nf3 Nf6 3. c4 e6 4. g3 dxc4 5. Bg2 Nbd7 6. O-O Be7 7. Qc2 a6 8. Rd1
c5 9. Na3 Nd5 10. dxc5 Qc7 11. Nxc4 Qxc5 12. Qb3 b5 13. Ne3 Bb7 14. Nd4 N7b6
15. Ndf5 O-O 16. Nxe7+ Qxe7 17. Ng4 Rfd8 18. e4 Nb4 19. Bd2 Nc6 20. Bc3 Na4 21.
e5 Rxd1+ 22. Rxd1 Rd8 23. Rxd8+ Qxd8 24. Ne3 Nxc3 25. bxc3 h6 26. h4 Qc7 27. f4
Qb6 28. c4 Na5 29. Qc3 Nxc4 30. Bxb7 Qxb7 31. Nd1 Qe4 32. Nf2 Qb1+ 33. Kg2 Qxa2
34. Qf3 Nb6 35. Kh3 Qd5 36. Ne4 Nc4 37. Qe2 b4 38. h5 a5 39. g4 Qd4 40. Kh4 b3
41. g5 hxg5+ 0-1

[Event "Düsseldorfer SK 1 - Klub Kölner SF 1"]
[Site "Oberliga NRW 2012/2013"]
[Date "2012.12.16"]
[Round "4.6"]
[White "Gazic, Josip"]
[Black "Wisskirchen, Andreas"]
[Result "1/2-1/2"]
[WhiteElo "2248"]
[BlackElo "2205"]
[Annotator "Doe,John"]
[PlyCount "158"]
[EventDate "2012.??.??"]
[WhiteTeam "Düsseldorfer SK 1"]
[BlackTeam "Klub Kölner SF 1"]

1. e4 c5 2. Nc3 Nc6 3. Bb5 g6 4. Bxc6 dxc6 5. d3 Bg7 6. Bd2 e5 7. Nge2 Ne7 8.
a4 Be6 9. b3 a5 10. Qc1 h5 11. Nd1 O-O 12. Ne3 Nc8 13. Qb2 Nd6 14. Bc3 f6 15.
Nc4 Bxc4 16. bxc4 Qe7 17. O-O Rfb8 18. f4 Kh7 19. fxe5 fxe5 20. Qa3 b6 21. Rab1
Rf8 22. Rxf8 Rxf8 23. Qc1 Bh6 24. Bd2 Bxd2 25. Qxd2 Nc8 26. Qe3 Qf6 27. h3 Kg7
28. Qg3 Kh7 29. h4 Rf7 30. Kh2 Qf2 31. Qxf2 Rxf2 32. Re1 Nd6 33. Kg3 Rf7 34.
Ng1 Rb7 35. Nf3 Nf7 36. Rb1 Kg7 37. Kf2 Kf6 38. Ke3 Ke6 39. c3 Nd6 40. Ng5+ Ke7
41. Nf3 Ke6 42. Nd2 Nc8 43. g3 Rf7 44. Nf3 Kd6 45. Rd1 Rb7 46. Ng5 Ke7 47. d4
cxd4+ 48. cxd4 exd4+ 49. Rxd4 Nd6 50. Kd3 b5 $11 51. cxb5 cxb5 52. Rd5 bxa4 53.
Rxa5 Rb3+ 54. Kd4 Nb5+ 55. Kc4 Nd6+ 56. Kd4 Nb5+ 57. Kc5 a3 58. e5 Rb2 59. Kc4
a2 60. Ne4 Ke6 61. Nc5+ Kf5 62. Nd3 Rd2 63. e6 Kf6 64. Nf4 Nc7 65. e7 Rd6 66.
Rxa2 Kxe7 67. Ra7 Kd8 68. Ra5 Ke7 69. Rc5 Ne8 70. Re5+ Kf7 71. Kc5 Ra6 72. Nd5
Ra3 73. Rg5 Ng7 74. Kb4 Rf3 75. Nf4 Nf5 76. Nxg6 Rxg3 77. Rxg3 Nxg3 78. Nf4 Nf5
79. Nxh5 Nxh4 1/2-1/2

[Event "Düsseldorfer SK 1 - Klub Kölner SF 1"]
[Site "Oberliga NRW 2012/2013"]
[Date "2012.12.16"]
[Round "4.7"]
[White "Richter, Goetz"]
[Black "Mueller, Michael"]
[Result "0-1"]
[WhiteElo "1909"]
[BlackElo "2150"]
[PlyCount "68"]
[EventDate "2012.??.??"]
[WhiteTeam "Klub Kölner SF 1"]
[BlackTeam "Düsseldorfer SK 1"]

1. e4 e6 2. d4 d5 3. Nc3 dxe4 4. Nxe4 Bd7 5. Nf3 Bc6 6. Bd3 Nd7 7. O-O Be7 8.
c4 Bxe4 9. Bxe4 c6 10. Bf4 Ngf6 11. Bc2 Qa5 12. Qe2 O-O 13. Ne5 Rfe8 14. Rfd1
Rad8 15. a3 Nxe5 16. b4 Nf3+ 17. Qxf3 Qh5 18. Qb3 Bd6 19. Qg3 Bxf4 20. Qxf4 h6
21. Rab1 a6 22. Qe5 Qxe5 23. dxe5 Ng4 24. f4 Ne3 25. Rdc1 Nxc4 26. Rb3 Rd4 27.
Rf3 Red8 28. Re1 g6 29. h4 h5 30. Kh2 Rd2 31. Rc1 R8d4 32. Kh3 Nb6 33. g4 hxg4+
34. Kxg4 Rc4 0-1

[Event "Düsseldorfer SK 1 - Klub Kölner SF 1"]
[Site "Oberliga NRW 2012/2013"]
[Date "2012.12.16"]
[Round "4.8"]
[White "Partenheimer, Axel"]
[Black "Schmidt, Kai-Uwe"]
[Result "1/2-1/2"]
[WhiteElo "2150"]
[BlackElo "1968"]
[PlyCount "42"]
[EventDate "2012.??.??"]
[WhiteTeam "Düsseldorfer SK 1"]
[BlackTeam "Klub Kölner SF 1"]

1. Nf3 c5 2. c4 Nc6 3. Nc3 e5 4. g3 g6 5. Bg2 Bg7 6. O-O d6 7. a3 Nge7 8. Rb1
O-O 9. b4 f5 10. Ne1 e4 11. Nc2 Ne5 12. Ne3 g5 13. Ned5 Nxd5 14. cxd5 cxb4 15.
Rxb4 b6 16. a4 Ba6 17. Nb5 Bxb5 18. Rxb5 Rc8 19. Bb2 Qc7 20. Bc3 Qc4 21. Bxe5
Bxe5 1/2-1/2

[Event "PSV Duisburg 1 - SV Wattenscheid 2"]
[Site "Oberliga NRW 2012/2013"]
[Date "2012.12.16"]
[Round "4.1"]
[White "Henrichs, Thomas"]
[Black "Fleck, Juergen"]
[Result "1-0"]
[WhiteElo "2503"]
[BlackElo "2339"]
[PlyCount "63"]
[EventDate "2012.??.??"]
[WhiteTeam "SV Wattenscheid 2"]
[BlackTeam "PSV Duisburg 1"]

1. c4 Nf6 2. Nc3 e5 3. Nf3 Nc6 4. a3 g6 5. g3 Bg7 6. Bg2 O-O 7. O-O d6 8. d3
Nd4 9. Ne1 c6 10. e3 Nf5 11. Nf3 a6 12. h3 b5 13. c5 Re8 14. cxd6 Qxd6 15. Qc2
Bb7 16. Nd2 Qe7 17. Nce4 Bf8 18. b4 a5 19. Nxf6+ Qxf6 20. Ne4 Qe7 21. Bd2 a4
22. Nc5 Rac8 23. Bc3 h5 24. e4 Nd4 25. Bxd4 exd4 26. f4 f5 27. Qf2 Bg7 28. g4
hxg4 29. hxg4 fxg4 30. Qg3 Kf7 31. Qxg4 Rh8 32. f5 1-0

[Event "PSV Duisburg 1 - SV Wattenscheid 2"]
[Site "Oberliga NRW 2012/2013"]
[Date "2012.12.16"]
[Round "4.2"]
[White "Wengenroth, Walter"]
[Black "Mladenov, Svetlin"]
[Result "0-1"]
[WhiteElo "2235"]
[BlackElo "2348"]
[PlyCount "48"]
[EventDate "2012.??.??"]
[WhiteTeam "PSV Duisburg 1"]
[BlackTeam "SV Wattenscheid 2"]

1. e4 c5 2. Nc3 Nc6 3. Bb5 Nd4 4. Bc4 e6 5. Nge2 Nf6 6. O-O a6 7. d3 b5 8. Bb3
Nc6 9. Bg5 h6 10. Bxf6 Qxf6 11. f4 Bb7 12. a4 b4 13. e5 Nxe5 14. Ne4 Bxe4 15.
fxe5 Qxe5 16. dxe4 Bd6 17. Ng3 c4 18. Ba2 h5 19. Re1 Rc8 20. Kh1 Rh6 21. Qf3 h4
22. Nf1 c3 23. bxc3 Rf6 24. Qh3 Rxc3 0-1

[Event "PSV Duisburg 1 - SV Wattenscheid 2"]
[Site "Oberliga NRW 2012/2013"]
[Date "2012.12.16"]
[Round "4.3"]
[White "Tereick, Benjamin"]
[Black "Kistella, Roman"]
[Result "1-0"]
[WhiteElo "2373"]
[BlackElo "2253"]
[PlyCount "63"]
[EventDate "2012.??.??"]
[WhiteTeam "SV Wattenscheid 2"]
[BlackTeam "PSV Duisburg 1"]

1. Nf3 c5 2. c4 Nf6 3. Nc3 e6 4. e4 Nc6 5. Be2 a6 6. O-O Qc7 7. Re1 Bd6 8. g3
b6 9. d4 cxd4 10. Nxd4 Nxd4 11. Qxd4 Be5 12. Qd3 O-O 13. Bd2 Bb7 14. Bf1 Rfd8
15. Rac1 Rac8 16. b4 Qb8 17. f4 Bc7 18. e5 Ne8 19. Qe2 d6 20. f5 dxe5 21. fxe6
Nf6 22. Bh3 Ba8 23. exf7+ Kf8 24. Bg5 Qb7 25. Nd5 b5 26. Bxf6 gxf6 27. Qg4 Rxd5
28. cxd5 Rd8 29. Qg8+ Ke7 30. f8=Q+ Rxf8 31. Qe6+ Kd8 32. Qd7# 1-0

[Event "PSV Duisburg 1 - SV Wattenscheid 2"]
[Site "Oberliga NRW 2012/2013"]
[Date "2012.12.16"]
[Round "4.4"]
[White "Schmitz, Joachim"]
[Black "Souleidis, Georgios"]
[Result "1-0"]
[WhiteElo "2234"]
[BlackElo "2369"]
[PlyCount "113"]
[EventDate "2012.??.??"]
[WhiteTeam "PSV Duisburg 1"]
[BlackTeam "SV Wattenscheid 2"]

1. Nf3 g6 2. d4 Bg7 3. e4 d6 4. Be2 Nf6 5. Nc3 O-O 6. O-O Bg4 7. Be3 Nc6 8. h3
Bxf3 9. Bxf3 e5 10. dxe5 dxe5 11. Qxd8 Rfxd8 12. Rfd1 Nd4 13. Bxd4 exd4 14. Nd5
Ne8 15. Re1 c6 16. Nf4 Nd6 17. Rad1 Nc4 18. Nd3 a5 19. Re2 a4 20. Rde1 a3 21.
b3 Nd6 22. e5 Nb5 23. e6 Bf6 24. Nc5 Nc3 25. Nxb7 Nxe2+ 26. Bxe2 Rf8 27. Bf3
fxe6 28. Nc5 e5 29. Bxc6 Rac8 30. Bd5+ Kh8 31. Nd7 Rfd8 32. Nxf6 Kg7 33. Rxe5
Kxf6 34. Re6+ Kf5 35. g4+ Kf4 36. Re4+ Kg5 37. Bc4 Rc6 38. Kg2 Kh4 39. Re7 h6
40. Rh7 g5 41. Ra7 Rf8 42. Bd3 Rf4 43. Rxa3 Rcf6 44. Bf5 d3 45. cxd3 Rc6 46.
Ra4 Rxa4 47. bxa4 Rc3 48. d4 Rc4 49. d5 Rxa4 50. d6 Rxa2 51. d7 Rd2 52. Kf3
Kxh3 53. Ke3 Rd6 54. Ke4 Kg2 55. Ke5 Rd2 56. Be4+ Kxf2 57. Bd5 1-0

[Event "PSV Duisburg 1 - SV Wattenscheid 2"]
[Site "Oberliga NRW 2012/2013"]
[Date "2012.12.16"]
[Round "4.5"]
[White "Straeter, Timo"]
[Black "Schiffer, Kai-Uwe"]
[Result "1-0"]
[WhiteElo "2350"]
[BlackElo "2251"]
[PlyCount "55"]
[EventDate "2012.??.??"]
[WhiteTeam "SV Wattenscheid 2"]
[BlackTeam "PSV Duisburg 1"]

1. d4 d5 2. c4 e6 3. Nf3 c6 4. e3 f5 5. Bd3 Nf6 6. O-O Bd6 7. b3 Qe7 8. Bb2 O-O
9. Ne5 Nbd7 10. f3 c5 11. a3 b6 12. Nd2 Bb7 13. Qe1 Rad8 14. b4 cxd4 15. exd4
dxc4 16. Ndxc4 Bb8 17. Rd1 Bd5 18. Qh4 Rfe8 19. Rfe1 Nxe5 20. dxe5 Nd7 21. Qg3
Rf8 22. Bc1 Rc8 23. Bg5 Qf7 24. Nd6 Bxd6 25. exd6 Qg6 26. Be7 Qxg3 27. hxg3 Rf7
28. Rc1 1-0

[Event "PSV Duisburg 1 - SV Wattenscheid 2"]
[Site "Oberliga NRW 2012/2013"]
[Date "2012.12.16"]
[Round "4.6"]
[White "Heisel, Guido"]
[Black "Franke, Johannes"]
[Result "0-1"]
[WhiteElo "2165"]
[BlackElo "2309"]
[PlyCount "66"]
[EventDate "2012.??.??"]
[WhiteTeam "PSV Duisburg 1"]
[BlackTeam "SV Wattenscheid 2"]

1. d4 c5 2. e3 cxd4 3. exd4 d5 4. f4 g6 5. Nf3 Bg7 6. Ne5 Nh6 7. c4 Nc6 8. c5
f6 9. Nf3 Bg4 10. Be2 Nf5 11. Nc3 e6 12. Ng1 Bxe2 13. Ngxe2 O-O 14. O-O b6 15.
cxb6 Qxb6 16. Na4 Qb5 17. Rf3 Rac8 18. b3 e5 19. dxe5 fxe5 20. Nec3 Qb4 21.
Qxd5+ Kh8 22. Bb2 exf4 23. Re1 Ne3 24. Qe4 Nd4 25. Rh3 Rf5 26. Kf2 Rg5 27.
Rhxe3 fxe3+ 28. Rxe3 Rf5+ 29. Kg1 Rcf8 30. Re1 Rf2 31. Ba1 Ne2+ 32. Qxe2 Rxe2
33. Rxe2 Qd4+ 0-1

[Event "PSV Duisburg 1 - SV Wattenscheid 2"]
[Site "Oberliga NRW 2012/2013"]
[Date "2012.12.16"]
[Round "4.7"]
[White "Hirsch, Stefan"]
[Black "Montignies, Rainer"]
[Result "1-0"]
[WhiteElo "2168"]
[BlackElo "2251"]
[PlyCount "93"]
[EventDate "2012.??.??"]
[WhiteTeam "SV Wattenscheid 2"]
[BlackTeam "PSV Duisburg 1"]

1. e4 e6 2. d4 d5 3. e5 c5 4. c3 Nc6 5. Nf3 Bd7 6. Be2 Nge7 7. Na3 cxd4 8. cxd4
Nf5 9. Nc2 Qb6 10. O-O a5 11. Rb1 Nb4 12. a3 Nxc2 13. Qxc2 Nxd4 14. Nxd4 Qxd4
15. Qc7 Rc8 16. Qxb7 Qxe5 17. Be3 Qb8 18. Qa6 Qa8 19. Qb6 Be7 20. Bb5 Rd8 21.
Bxd7+ Rxd7 22. Qb5 Bd6 23. Bd4 Qb7 24. Qxa5 O-O 25. f4 Rc8 26. Qd2 Bc5 27. Bxc5
Rxc5 28. Rbc1 Rdc7 29. Rxc5 Rxc5 30. Rc1 Rb5 31. b4 h6 32. Qd4 Qa6 33. Rc3 Rb8
34. Rg3 g6 35. Rc3 Qb7 36. a4 e5 37. fxe5 Qxb4 38. Qxb4 Rxb4 39. Ra3 Re4 40. a5
Rxe5 41. a6 Re8 42. a7 Ra8 43. Kf2 Kg7 44. Ra6 f5 45. Ke3 g5 46. Kd4 f4 47.
Kxd5 1-0

[Event "PSV Duisburg 1 - SV Wattenscheid 2"]
[Site "Oberliga NRW 2012/2013"]
[Date "2012.12.16"]
[Round "4.8"]
[White "Maslak, Sulejman"]
[Black "Schroeder, Wilfried"]
[Result "0-1"]
[WhiteElo "2226"]
[BlackElo "2044"]
[PlyCount "100"]
[EventDate "2012.??.??"]
[WhiteTeam "PSV Duisburg 1"]
[BlackTeam "SV Wattenscheid 2"]

1. c4 e6 2. Nc3 d5 3. d4 c6 4. Bf4 dxc4 5. e3 b5 6. a4 Qb6 7. axb5 cxb5 8. Qf3
Bb7 9. Qg3 Nd7 10. Be2 Rc8 11. Nf3 Ngf6 12. O-O Nh5 13. Qg5 Nxf4 14. exf4 h6
15. Qxb5 Qxb5 16. Nxb5 a6 17. Nc3 Bb4 18. Ne5 Nb6 19. Na4 Nxa4 20. Rxa4 a5 21.
Nxc4 Bc6 22. Raa1 Bd5 23. Ne3 O-O 24. f5 Rfd8 25. fxe6 Bxe6 26. Ba6 Ra8 27. Bb7
Rab8 28. d5 Rxb7 29. dxe6 fxe6 30. Nc4 Rd5 31. g3 Rc7 32. Rfc1 Rd4 33. Ne5
Rxc1+ 34. Rxc1 Rd2 35. h4 g5 36. h5 Rxb2 37. Rc8+ Kg7 38. Rc7+ Kg8 39. Ng4 a4
40. Nxh6+ Kf8 41. Rf7+ Ke8 42. Ra7 a3 43. Ng4 a2 44. Ra8+ Ke7 45. Ne5 Bc3 46.
Ra7+ Kf6 47. Ng4+ Kf5 48. Ne3+ Ke4 49. Kg2 Re2 50. Ra4+ Kd3 0-1

[Event "SG Porz 2 - Aachener SV 1"]
[Site "Oberliga NRW 2012/2013"]
[Date "2012.12.16"]
[Round "4.1"]
[White "Lazarev, Vladimir"]
[Black "Miedema, David"]
[Result "1-0"]
[WhiteElo "2427"]
[BlackElo "2339"]
[PlyCount "89"]
[EventDate "2012.??.??"]
[WhiteTeam "Aachener SV 1"]
[BlackTeam "SG Porz 2"]

1. d4 e6 2. c4 Nf6 3. Nc3 Bb4 4. Qc2 d5 5. a3 Bxc3+ 6. Qxc3 dxc4 7. Qxc4 b6 8.
f3 Ba6 9. Qa4+ Qd7 10. Qxd7+ Nfxd7 11. e4 Bxf1 12. Kxf1 c5 13. Be3 cxd4 14.
Bxd4 e5 15. Rc1 Na6 16. Be3 O-O 17. b4 Rac8 18. Ne2 Rxc1+ 19. Nxc1 Rc8 20. Ke2
Rc2+ 21. Bd2 Nc7 22. Kd3 Rc6 23. Ne2 b5 24. Be3 a6 25. Nc3 Nb6 26. Bxb6 Rxb6
27. Nd5 Nxd5 28. exd5 Kf8 29. Ke4 Rg6 30. g3 Ke7 31. Rc1 Rf6 32. Rc7+ Ke8 33.
Rc3 Rh6 34. h4 Kd7 35. Kxe5 Rh5+ 36. Kd4 g5 37. hxg5 Rxg5 38. f4 Rg4 39. Ke5 h5
40. d6 h4 41. gxh4 f6+ 42. Kd5 Rxh4 43. f5 Rf4 44. Rc7+ Kd8 45. Ra7 1-0

[Event "SG Porz 2 - Aachener SV 1"]
[Site "Oberliga NRW 2012/2013"]
[Date "2012.12.16"]
[Round "4.2"]
[White "Malykin, Vitaly"]
[Black "Koch, Thomas"]
[Result "0-1"]
[WhiteElo "2340"]
[BlackElo "2382"]
[PlyCount "116"]
[EventDate "2012.??.??"]
[WhiteTeam "SG Porz 2"]
[BlackTeam "Aachener SV 1"]

1. Nf3 Nf6 2. c4 e6 3. Nc3 Bb4 4. g3 O-O 5. Bg2 d5 6. d4 c5 7. O-O dxc4 8. dxc5
Nc6 9. Qc2 Bxc5 10. Ne4 Be7 11. Qxc4 e5 12. Nxf6+ Bxf6 13. Be3 Qa5 14. Nd2 Be6
15. Qc5 Qa6 16. a4 Qxe2 17. Qb5 Qxb5 18. axb5 Nd4 19. Bxd4 exd4 20. Bxb7 Rab8
21. Rxa7 d3 22. Bc6 Rfd8 23. b3 Bc3 24. Ne4 Bd4 25. Ra3 Bg4 26. b4 d2 27. Nxd2
Bb2 28. Nc4 Bxa3 29. Nxa3 Rd4 30. Nc2 Rd2 31. Ne3 Be2 32. Rc1 Kf8 33. Rc5 Rd4
34. Nc2 Rc4 35. Na3 Rxb4 36. Kg2 Rb3 37. Nc2 Bxb5 38. Bd5 Rd3 39. Ne3 Ba6 40.
h4 g6 41. g4 Rb5 42. Rxb5 Bxb5 43. Kg3 h6 44. Be4 Rc3 45. Kf4 Bc6 46. Bc2 Ke7
47. Kg3 Kf6 48. Kf4 g5+ 49. hxg5+ hxg5+ 50. Kg3 Ke5 51. Bd1 Be4 52. Be2 Rc1 53.
Nc4+ Kd4 54. Ne3 Kc3 55. Bc4 f6 56. Bf1 Kd2 57. Nc4+ Ke1 58. Ne3 Rb1 0-1

[Event "SG Porz 2 - Aachener SV 1"]
[Site "Oberliga NRW 2012/2013"]
[Date "2012.12.16"]
[Round "4.3"]
[White "Sonntag, Hans-Hubert"]
[Black "Gallinnis, Norbert"]
[Result "1/2-1/2"]
[WhiteElo "2339"]
[BlackElo "2278"]
[PlyCount "35"]
[EventDate "2012.??.??"]
[WhiteTeam "Aachener SV 1"]
[BlackTeam "SG Porz 2"]

1. d4 Nf6 2. Nf3 c5 3. e3 e6 4. Bd3 b6 5. c4 Bb7 6. Nc3 g5 7. O-O g4 8. Nd2 Nc6
9. Nde4 Nxe4 10. Bxe4 f5 11. d5 Ne5 12. Bd3 Bg7 13. e4 O-O 14. exf5 exf5 15.
Bf4 Qf6 16. Bxe5 Qxe5 17. Re1 Qf6 18. Qc2 1/2-1/2

[Event "SG Porz 2 - Aachener SV 1"]
[Site "Oberliga NRW 2012/2013"]
[Date "2012.12.16"]
[Round "4.4"]
[White "Peschlow, Patrick"]
[Black "Klein, Felix"]
[Result "1/2-1/2"]
[WhiteElo "2280"]
[BlackElo "2284"]
[PlyCount "119"]
[EventDate "2012.??.??"]
[WhiteTeam "SG Porz 2"]
[BlackTeam "Aachener SV 1"]

1. e4 c5 2. Nc3 e6 3. Nf3 a6 4. d4 cxd4 5. Nxd4 b5 6. Bd3 Bb7 7. O-O Nc6 8.
Nxc6 Bxc6 9. Re1 Bc5 10. Be3 Bxe3 11. Rxe3 Ne7 12. a4 b4 13. Na2 a5 14. c3 bxc3
15. Nxc3 O-O 16. Bb5 Ng6 17. Qd6 Rb8 18. Rd1 Qe7 19. Qxe7 Nxe7 20. f4 Rfc8 21.
Rd6 h6 22. Kf2 Kf8 23. Red3 Ng8 24. R6d4 Nf6 25. h3 d5 26. exd5 Nxd5 27. Bxc6
Rxc6 28. Nxd5 exd5 29. b3 Rc2+ 30. Kf3 Rb2 31. Rxd5 R8xb3 32. Rxb3 Rxb3+ 33.
Kg4 g6 34. Rxa5 Kg7 35. Rb5 Ra3 36. a5 h5+ 37. Kh4 Kh6 38. g4 f6 39. gxh5 g5+
40. Kg4 Ra4 41. Rf5 Kg7 42. h6+ Kg6 43. h7 Kxh7 44. Rxf6 gxf4 45. a6 Kg7 46.
Rb6 Kf8 47. h4 Kg7 48. h5 Kh7 49. Rb7+ Kh6 50. Rb6+ Kh7 51. Rb7+ Kh6 52. Ra7
Rb4 53. Rc7 Ra4 54. Rc6+ Kg7 55. h6+ Kh7 56. Rf6 Kg8 57. Kg5 f3 58. Kg6 Rg4+
59. Kh5 Ra4 60. Rxf3 1/2-1/2